[Event "Titled Tuesday intern op 23rd Apr Late"]
[Site "Chess.com INT"]
[Date "2024.04.23"]
[Round "6"]
[White "Venkatesh, Narayan"]
[Black "Jaskolka, Tomasz"]
[Result "0-1"]
[WhiteElo "2033"]
[BlackElo "2241"]
[PlyCount "80"]
[EventDate "2024.04.23"]
[EventType "swiss (blitz)"]
[EventRounds "11"]
[EventCountry "USA"]
[SourceTitle "CB18_2024"]
[SourceDate "2024.05.01"]
[SourceVersion "1"]
[SourceVersionDate "2024.05.01"]
[SourceQuality "2"]

1. d4 e6 2. e4 d5 3. e5 c5 4. c3 Qb6 5. Nf3 Bd7 6. Bd3 Bb5 7. 0-0 Bxd3 8. Qxd3 cxd4 9. cxd4 Nc6 10. Nc3 a6 11. a3 Nge7 12. b4 Nf5 13. Be3 Be7 14. Na4 Qc7 15. Rac1 0-0 16. Bg5 Bxg5 17. Nxg5 Rac8 18. Nf3 f6 19. Nc5 Qf7 20. exf6 gxf6 21. Rfe1 Rce8 22. Nxe6 Rxe6 23. Qxf5 Rfe8 24. Rxe6 Qxe6 25. Qf4 Kg7 26. h3 Qe4 27. Qg3+ Qg6 28. Qd6 Qf7 29. Nh4 Re6 30. Qg3+ Kh8 31. Nf5 Qg6 32. Qf3 Re4 33. Rc5 Qf7 34. Qg3 h5 35. Rxd5 h4 36. Nxh4 Qxd5 37. Ng6+ Kg7 38. Ne7+ Qg5 39. Nf5+ Kh8 40. Qf3 Rf4 0-1

[Event "Titled Tuesday intern op 16th Apr Late"]
[Site "Chess.com INT"]
[Date "2024.04.16"]
[Round "10"]
[White "Turgut, Aydin"]
[Black "Venkatesh, Narayan"]
[Result "1-0"]
[WhiteElo "2322"]
[BlackElo "2033"]
[PlyCount "85"]
[EventDate "2024.04.16"]
[EventType "swiss (blitz)"]
[EventRounds "11"]
[EventCountry "USA"]
[SourceTitle "CB17_2024"]
[SourceDate "2024.04.24"]
[SourceVersion "1"]
[SourceVersionDate "2024.04.24"]
[SourceQuality "1"]

1. e4 e6 2. d4 d5 3. Nc3 Nf6 4. Bg5 Bb4 5. e5 h6 6. Bd2 Bxc3 7. bxc3 Ne4 8. Bc1 c5 9. Bd3 Nxc3 10. Qg4 g6 11. dxc5 Qa5 12. Bd2 Qxc5 13. Bxg6 Rg8 14. Bxf7+ Kxf7 15. Qf3+ Ke8 16. Bxc3 d4 17. Qh5+ Kd8 18. Bxd4 Qxc2 19. Rd1 Bd7 20. Qh4+ Kc8 21. Ne2 Nc6 22. Be3 Kc7 23. Rc1 Qxa2 24. Qe7 Qd5 25. Nf4 Qxe5 26. 0-0 Qd6 27. Qh7 Rh8 28. Qe4 e5 29. Rfd1 Qf8 30. Qxe5+ Kc8 31. Ng6 Qe8 32. Qxh8 Qxh8 33. Nxh8 Be6 34. Ng6 Kc7 35. Bf4+ Kb6 36. Rb1+ Ka6 37. Rb2 b6 38. Rd6 Bf7 39. Rxc6 Rd8 40. h4 Rd1+ 41. Kh2 Bd5 42. Rd6 Bf3 43. gxf3 1-0

[Event "Titled Tuesday intern op 02nd Apr Late"]
[Site "Chess.com INT"]
[Date "2024.04.02"]
[Round "2"]
[White "Chassard, Cedric"]
[Black "Venkatesh, Narayan"]
[Result "1/2-1/2"]
[WhiteElo "2254"]
[BlackElo "2033"]
[PlyCount "158"]
[EventDate "2024.04.02"]
[EventType "swiss (blitz)"]
[EventRounds "11"]
[EventCountry "USA"]
[SourceTitle "CB15_2024"]
[SourceDate "2024.04.10"]
[SourceVersion "1"]
[SourceVersionDate "2024.04.10"]
[SourceQuality "1"]

1. d4 Nf6 2. Bf4 d5 3. Nf3 c5 4. e3 Nc6 5. Nbd2 cxd4 6. exd4 Bf5 7. c3 e6 8. Ne5 Bd6 9. Ndf3 0-0 10. Bd3 Bxd3 11. Qxd3 Ne4 12. 0-0 Qc7 13. Nxc6 Bxf4 14. Nce5 f6 15. Ng4 a6 16. g3 Bd6 17. Nd2 Nxd2 18. Qxd2 b5 19. Rae1 Rfe8 20. f4 Rac8 21. Nf2 Qc4 22. a3 a5 23. Nd3 b4 24. axb4 axb4 25. Rc1 bxc3 26. bxc3 Ra8 27. Rfe1 Ra2 28. Qe3 Ba3 29. Ra1 Rxa1 30. Rxa1 Qxc3 31. Re1 Bd6 32. Kg2 Bc7 33. f5 e5 34. dxe5 fxe5 35. Nf4 Qxe3 36. Rxe3 Bb6 37. Re2 d4 38. Ne6 g6 39. g4 d3 40. Rxe5 Rc8 41. Rd5 Rc2+ 42. Kf3 d2 43. Rd7 gxf5 44. gxf5 Ba5 45. f6 d1Q+ 46. Rxd1 Kf7 47. Ng5+ Kxf6 48. Nxh7+ Kg6 49. Nf8+ Kf7 50. Nd7 Rxh2 51. Ne5+ Ke6 52. Ng4 Rh3+ 53. Kf4 Bc7+ 54. Kg5 Bg3 55. Rf1 Bh4+ 56. Kf4 Be7 57. Re1+ Kd7 58. Rd1+ Ke8 59. Kf5 Rf3+ 60. Ke4 Rf7 61. Ne5 Rf6 62. Rb1 Re6 63. Rb8+ Bd8 64. Kd5 Re7 65. Nc6 Rd7+ 66. Ke6 Rd1 67. Ne5 Rd2 68. Rb7 Rd1 69. Rh7 Rf1 70. Rh5 Rf6+ 71. Kd5 Be7 72. Nc6 Rd6+ 73. Ke5 Rxc6 74. Ke4 Kd7 75. Kd3 Bd6 76. Kd4 Be7 77. Ke4 Rd6 78. Rd5 Ke6 79. Rxd6+ Bxd6 1/2-1/2

[Event "Titled Tuesday intern op 02nd Apr Late"]
[Site "Chess.com INT"]
[Date "2024.04.02"]
[Round "4"]
[White "Krawczyk, Flawian"]
[Black "Venkatesh, Narayan"]
[Result "1/2-1/2"]
[WhiteElo "2315"]
[BlackElo "2033"]
[PlyCount "70"]
[EventDate "2024.04.02"]
[EventType "swiss (blitz)"]
[EventRounds "11"]
[EventCountry "USA"]
[SourceTitle "CB15_2024"]
[SourceDate "2024.04.10"]
[SourceVersion "1"]
[SourceVersionDate "2024.04.10"]
[SourceQuality "1"]

1. d4 Nf6 2. c4 e6 3. Nf3 d5 4. g3 Be7 5. Bg2 0-0 6. 0-0 dxc4 7. Ne5 c5 8. dxc5 Bxc5 9. Qc2 Qc7 10. Nxc4 Bd7 11. Bf4 Qc8 12. Nc3 Bc6 13. e4 Nbd7 14. Rad1 Rd8 15. Nd6 Bxd6 16. Bxd6 b6 17. Qe2 Qb7 18. f4 Nc5 19. Bxc5 bxc5 20. e5 Bxg2 21. Qxg2 Nd5 22. Ne4 Qb4 23. Rfe1 Rab8 24. Re2 c4 25. Qf2 c3 26. bxc3 Nxc3 27. Rxd8+ Rxd8 28. Nxc3 Qxc3 29. Rc2 Qd3 30. Rc7 Qb1+ 31. Kg2 Qe4+ 32. Kh3 Qf5+ 33. Kg2 Qe4+ 34. Kh3 Qf5+ 35. Kg2 Qe4+ 1/2-1/2

[Event "Titled Tuesday intern op 02nd Apr Late"]
[Site "Chess.com INT"]
[Date "2024.04.02"]
[Round "1"]
[White "Luo, Terry"]
[Black "Venkatesh, Narayan"]
[Result "1-0"]
[WhiteElo "2333"]
[BlackElo "2033"]
[PlyCount "113"]
[EventDate "2024.04.02"]
[EventType "swiss (blitz)"]
[EventRounds "11"]
[EventCountry "USA"]
[SourceTitle "CB15_2024"]
[SourceDate "2024.04.10"]
[SourceVersion "1"]
[SourceVersionDate "2024.04.10"]
[SourceQuality "1"]

1. d4 Nf6 2. Nc3 e6 3. Bf4 d5 4. e3 Be7 5. g4 c5 6. Nb5 Na6 7. c3 0-0 8. g5 Ne8 9. h4 Bd7 10. a4 Bxb5 11. axb5 Nac7 12. Nf3 Bd6 13. Ne5 cxd4 14. exd4 f6 15. gxf6 Nxf6 16. Bd3 Ne4 17. Bxe4 dxe4 18. Bg3 Nxb5 19. Qe2 Nc7 20. Qxe4 Nd5 21. h5 Qg5 22. h6 g6 23. Kd1 Bxe5 24. Qxe5 Qxe5 25. dxe5 Rad8 26. Kc2 a6 27. Rad1 Ne7 28. Rd6 Nf5 29. Rxe6 Nxg3 30. fxg3 Rf2+ 31. Kb3 Rdd2 32. Rb1 Kf7 33. Rb6 Rd5 34. Rxb7+ Kg8 35. Re1 Rf7 36. Rb8+ Rf8 37. Rb6 a5 38. e6 Re8 39. Kc4 Rh5 40. Rb5 Rxh6 41. Rxa5 Rh2 42. b4 h5 43. Rd5 Rg2 44. Re3 Kg7 45. b5 Kf6 46. b6 g5 47. b7 h4 48. gxh4 gxh4 49. e7 Rb2 50. Rd8 Kf7 51. Rc8 Rxb7 52. Rf3+ Kxe7 53. Re3+ Kd7 54. Rcxe8 h3 55. R8e7+ Kc8 56. Rxb7 Kxb7 57. Rxh3 1-0